A politikum rekonstrukciója

Elmentve itt :
Bibliográfiai részletek
Szerző: Weiss János
Adatforrás:Philobibl
Forrásdokumentuma:Holmi
5.1993:12. p. 1769-1774.
Dokumentumtípus: Cikk
Nyelv:magyar
Kulcsszavak:utópia
történetfilozófia
modernitás
politikaelmélet
LEADER 00392nab a2200145 c 4500
001 bibPHI0044166
005 20200924125233.7
008 130207s1993 hu hun
100 1 |a Weiss János 
245 1 2 |a A politikum rekonstrukciója  |c Weiss János 
695 |a utópia 
695 |a történetfilozófia 
695 |a modernitás 
695 |a politikaelmélet 
773 0 |t Holmi  |g 5.1993:12. p. 1769-1774.